Human rights and global justice / (Record no. 28106)

MARC details
000 -LEADER
fixed length control field 00789nam a22002297a 4500
005 - DATE AND TIME OF LATEST TRANSACTION
control field 20090709120644.0
008 - FIXED-LENGTH DATA ELEMENTS--GENERAL INFORMATION
fixed length control field 090709t xxu||||| |||| 00| 0 eng d
010 ## - LCCN (DPL NO)
LC control number ENG-94362
020 ## - INTERNATIONAL STANDARD BOOK NUMBER
International Standard Book Number 9788190556934
Terms of availability 500.00
035 ## - SYSTEM CONTROL NUMBER
System control number EN-77895
037 ## - SOURCE OF ACQUISITION
Source of stock number/acquisition DBAD / PUB
040 ## - CATALOGING SOURCE
Original cataloging agency dpl
Language of cataloging English
082 ## - DEWEY DECIMAL CLASSIFICATION NUMBER
Classification number 323
245 ## - TITLE STATEMENT
Title Human rights and global justice /
Statement of responsibility, etc edited by C.R. Jambekar
260 ## - PUBLICATION, DISTRIBUTION, ETC. (IMPRINT)
Place of publication, distribution, etc New Delhi
Name of publisher, distributor, etc Kanchan Publishing House
Date of publication, distribution, etc 2008
270 ## - ADDRESS
Address WZ-52/45, Ravi Nagar,
City New Delhi
Postal code 110018
300 ## - PHYSICAL DESCRIPTION
Extent 175p.
Dimensions 23cm(Hb)
650 ## - SUBJECT ADDED ENTRY--TOPICAL TERM
Topical term or geographic name as entry element Human rights
700 ## - ADDED ENTRY--PERSONAL NAME
Personal name Jambekar, C.R.
942 ## - ADDED ENTRY ELEMENTS (KOHA)
Source of classification or shelving scheme Dewey Decimal Classification
Item type English Books
Call number suffix HUM
Classification part 323
Holdings
Withdrawn status Lost status Source of classification or shelving scheme Damaged status Not for loan Collection code Home library Current library Date acquired Source of acquisition Cost, normal purchase price Total Checkouts Full call number Barcode Date last seen Copy number Cost, replacement price Koha item type
    Dewey Decimal Classification   Not For Loan Non-fiction D.B.Act.Division D.B.Act.Division 09/07/2009 DBAD / PUB 500.00   323 HUM EN-77895 09/07/2009 1 500.00 English Books

© Delhi Public Library
Hit Counter
free hit counter